|
|
|
|
| LEADER |
00000ny a22000003n 4500 |
| 005 |
20110615130629.0 |
| 008 |
081112s2008 sp 000 0 spa d |
| 020 |
|
|
|a 9788476988305
|
| 035 |
|
|
|a 3357
|
| 040 |
|
|
|a BUS
|d vLex
|
| 090 |
|
|
|c 709
|d 709
|
| 245 |
3 |
3 |
|a La reforma contable y su proyeccin̤ sobre la normativa mercantil y fiscal
|h [Recurso electrn̤ico]
|c Nr︢ia Ginš Castellet (coordinadora) ; [autores] Ana Mara̕ Martn̕ez- Pina Garca̕ ...[et al.]
|
| 256 |
|
|
|a Servicio en ln̕ea
|
| 260 |
|
|
|a Barcelona :
|b Bosch,
|c 2008
|
| 300 |
|
|
|a 257 p. ;
|c 22 cm
|
| 490 |
1 |
|
|a Coleccin̤ de Formacin̤ continuada / Facultad de Derecho ESADE;
|v 6
|
| 506 |
1 |
|
|a Contenido solo disponible en los productos indicados
|d vLex Global
|d vLex Global (Academic Edition, excluding Law Schools)
|d vLex Global (U.S. Academic Edition, Law Schools)
|d vLex Global (U.S. Academic Edition, excluding Law Schools)
|d vLex Global (Academic Edition, Law Schools)
|
| 650 |
0 |
7 |
|a Contabilidad
|2 Tesauro vLex
|
| 650 |
0 |
7 |
|a Plan general de contabilidad
|2 Tesauro vLex
|
| 700 |
1 |
|
|a Ginš Castellet, Nr︢ia,
|e coord.
|
| 700 |
1 |
|
|a Martn̕ez-Pina Garca̕, Ana Mara̕,
|e coaut.
|
| 740 |
0 |
|
|a vLex Libros (Servicios en ln̕ea)
|
| 810 |
2 |
|
|a Escuela Superior de Administracin̤ y Direccin̤ de Empresas (Barcelona).
|b Facultad de Derecho.
|t Coleccin̤ de Formacin̤ continuada;
|v 6
|
| 856 |
4 |
0 |
|u http://vlex.com/source/3357
|z Acceso restringido
|
| 942 |
|
|
|c BOOK
|
| 999 |
0 |
|
|a Accounting
|b Barcelona
|